MDQL
is popping MORE tags! Check the
thread
!
Quizzes
Events
Quiz Creation
Community
Videos
Private Events
Remove Ads
Sign In
Join for FREE
Feedback
Dark Mode
Quiz Categories
Sports
Geography
Music
Movies
Television
Just For Fun
Miscellaneous
History
Literature
Language
Science
Gaming
Entertainment
Religion
Holiday
For Kids
Quiz Lab
Recent
Popular Today
Quiz Kudos Today
Editor Picks
Curator Picks
Quizzes by...
Day
Popularity
Type
Ratings
Length
Year
Community
Subscriptions
Recent Discussions
Orange Saloon
Badges
Playlists
Quests
Create
Leaderboards
Showdown
Live 5
Trivia Bingo
Activity
Puzzle Library
Sporcle Events
Private Events
Virtual Trivia
Globe League
Become a Host
Pub Owners
SporcleCon
Opinionation
Our Games
Videos
Blog
Mobile Apps
Partnerships
Remove Ads and Go Orange
Feedback
Sports
Athletes
MLB
NBA
NHL
NFL
Soccer
Sports Teams
WWE
NCAA
Football
Premier League
Basketball
Baseball
Hockey
Golf
Tennis
Cricket
Rugby
Auto Racing
Olympics
World Cup
Sports
Athletes
MLB
NBA
NHL
NFL
Soccer
Sports Teams
WWE
NCAA
Football
Premier League
Basketball
Baseball
Hockey
Golf
Tennis
Cricket
Rugby
Auto Racing
Olympics
World Cup
Random Quiz
Search Sporcle
×
Quiz Lab
Quiz Lab
Sports
MLB
Type in answers that appear in a list
Type in answers that appear in a list
Classic
Best Score? Go Orange.
MLB Career HR by draft Stats
For each MLB draft category listed, can you name the top ten career home run leaders based on where they were drafted? (Since 1965 - 1st MLB draft)
By
jsnellerwm
12m
60 Questions
534 Plays
534 Plays
534 Plays
Comments
Comments
Give Quiz Kudos
Give Quiz Kudos
-
- Ratings
hide this ad
Replay
Link that replays current quiz
Next Quiz
Link to next quiz in quiz playlist
You Got
0%
They Got
Avg Score
66%
Avg Friend Score
Upgrade to see
Score Distribution
Jump to the score distribution portion of the page
Score
0/60
Timer
12:00
0
Plays Today
Category:
Player:
% Correct
Top 10:
Ken Griffey Jr. (630)
97%
Top 10:
Barry Bonds (762)
96.8%
Top 10:
Alex Rodriguez (696)
96.1%
Not Drafted:
Andruw Jones (434)
94.7%
Top 10:
Mark McGwire (583)
93.8%
Top 10:
Chipper Jones (468)
93.2%
Top 10:
Frank Thomas (521)
91.9%
Top 500:
Jim Thome (612)
88%
Top 30:
Manny Ramirez (555)
87.2%
Top 500:
Albert Pujols (612)
86.9%
Top 10:
Reggie Jackson (563)
85.6%
Not Drafted:
Sammy Sosa (609)
85.4%
Top 30:
Mike Schmidt (548)
83.9%
501 and below:
Mike Piazza (427)
82.4%
Top 100:
Eddie Murray (504)
82%
Top 30:
Tino Martinez (339)
81.2%
Top 10:
Dave Winfield (465)
80.7%
Top 100:
Cal Ripken Jr. (431)
79.9%
Top 100:
Ryan Howard (382)
79.9%
Top 500:
Jose Canseco (462)
79.7%
Top 30:
Rafael Palmeiro (569)
79.5%
Not Drafted:
Adrian Beltre (461)
77.7%
Top 100:
Adam Dunn (462)
77.5%
Not Drafted:
Vladimir Guerrero (449)
77.3%
Top 10:
Gary Sheffield (509)
76%
Not Drafted:
Carlos Delgado (473)
76%
Top 100:
Carlos Beltran (435)
75.8%
Top 30:
Jim Rice (382)
74.9%
Top 100:
Jason Giambi (440)
74.9%
Top 30:
Lance Berkman (366)
74.1%
Category:
Player:
% Correct
Top 500:
Jeff Bagwell (449)
73.9%
Top 500:
Andre Dawson (438)
73.4%
Not Drafted:
Juan Gonzalez (434)
73.2%
Not Drafted:
David Ortiz (541)
73%
Top 100:
Johnny Bench (389)
72.6%
Top 100:
Albert Belle (381)
71.7%
Top 100:
Dwight Evans (385)
68.7%
Top 500:
Darrell Evans (414)
68.5%
Not Drafted:
Miguel Cabrera (460)
64.9%
Top 500:
Fred McGriff (493)
62.1%
Not Drafted:
Alfonso Soriano (412)
58%
Top 10:
Dave Kingman (442)
55.9%
Top 30:
Gary Gaetti (360)
52.7%
Top 30:
Torii Hunter (353)
51.8%
Top 500:
Chili Davis (350)
50.8%
Top 30:
Paul Konerko (439)
49.2%
501 and below:
Jorge Posada (275)
46.5%
Not Drafted:
Andres Galarraga (399)
46%
501 and below:
Ryne Sandberg (282)
43.3%
Top 500:
Jim Edmonds (393)
42.6%
501 and below:
Jose Bautista (328)
40.7%
501 and below:
Jeff Kent (377)
39.2%
501 and below:
Richie Sexson (306)
35.3%
Top 30:
Ellis Burks (352)
34.3%
Top 100:
Graig Nettles (390)
34.1%
501 and below:
Raul Ibanez (305)
28.3%
Top 500:
Edwin Encarnacion (341)
25.7%
501 and below:
Mike Lowell (223)
13.9%
501 and below:
Adam LaRoche (255)
12.4%
501 and below:
Dusty Baker (242)
12.4%
Quiz Playlist
Details
Report
Send in Message
Add To Playlist
Classic:
Type in answers that appear in a list
Last Updated: Sep 5, 2017
Quiz Scoreboard
CHALLENGE
Sign Up to Join the Scoreboard
Show All
Scores
Hide
Comments
May contain spoilers
Recently Published
Two Season TV Shows II
by 123Four
Television
10m
Image Sorting: Flags VI
by Barbecue
Geography
2m
Find the 'City' Movie
by crazypaving
Movies
60s
More to Explore
Quiz From the Vault
Featured Blog Post
14 Easter Pick-up Lines to Find Eggs With
hide this ad
You Might Also Like...
Tags
MLB Quiz
1965
Career
Category
Draft
home
Leader
Player
run
ten
Today's Top Quizzes in Sports
Browse Sports
hide this ad
Today's Top Quizzes in MLB
Browse MLB
Top Contributed Quizzes in Sports
1
Les meilleurs buteurs des matchs entre le PSG et l’OM
2
Les entraîneurs de l'OM et du PSG au 21e siècle
3
2022 World Cup Stars
4
Les joueurs passés par le PSG et l'OM
5
Players with Multiple 50 Home Run Seasons
6
FIFA Club World Cup Champions
7
Criteria MLB: Left Handed Sluggers
8
Les joueurs passés par le LOSC et le RC Lens
9
Top 10 NHL Goal Scorers of All Time
10
MLB Players with Two .350 Batting Average Seasons
Explore More
Trending Topics
NBA
Marvel
Disney
Anime
Kpop
Crossword
Harry Potter
The Office
Country
NFL
Pokémon
Soccer
Puzzle
WWE
Song
hide this ad
More By:
jsnellerwm
Quiz
Plays
Rating
Category
Featured
Created
NBA Draft Class Top Scorers
67,425
4.87
Sports
Dec 28, 2016
NBA Playoff Point Leaders
52,160
4.77
Sports
Apr 25, 2017
30-Points in NBA Finals Decider
52,116
4.69
Sports
Jun 13, 2017
NBA Quickest to 500 Points
47,709
4.69
Sports
Jun 26, 2017
NBA: 1,000 Games, 75% Starts
42,204
4.70
Sports
Dec 27, 2016
Go to Creator's Profile
Score Distribution
Quiz Creator Spotlight
jsnellerwm
Follow
Send a Message
Quizzes Created
-
Created Quiz Play Count
-
More By This Creator
Popular Quizzes Today
1
Find the US States - No Outlines Minefield
2
Colored Red Africa Blitz
3
Find the 'City' Movie
4
5x2 Blitz: Bands
5
The Countries of the World
6
Find the Countries of Europe - No Outlines Minefield
7
Find the US States
8
US States
More Sports Quizzes
Click the members of 3 Count
Quiz Lab
Trending Quizzes
Colored Red Europe Blitz I
Colored Red Africa Blitz II
Colored Red Europe Blitz II
Colored Red Africa Blitz III
Colored Red Europe Blitz III
Recently Updated
How Do You Spell That?
pecheneg
Godzilla Movies
pecheneg
Grab Bag: 4-10 Letters
pecheneg
2024 March Madness Bracket
pecheneg
Famous TV Couples
Peacemaker
Champions League XIs: Real Madrid
pecheneg
Largest US Cities 1790-2010
pecheneg
Rides in Walt Disney World
pecheneg
Most Oscar Losses (Acting)
pecheneg
Beyoncé Albums
pecheneg
Trending Topics
Kpop
Disney
Anime
Crossword
NBA
Marvel
Harry Potter
Soccer
Song
WWE
Puzzle
Country
NFL
The Office
Pokémon
Your Account Isn't Verified!
In order to create a playlist on Sporcle, you need to verify the email address you used during registration. Go to your
Sporcle Settings
to finish the process.
Report this User
Report this user for behavior that violates our
Community Guidelines
.
Details:
Send Report
Go to the Sporcle.com Mobile Site →
Comments